000 00476nam a2200157Ia 4500
008 190813s9999 xx 000 0 und d
100 _aEsrum, Eva K.
245 _aCareer education via video conference/
245 _cEva K. Esrum
260 _bPublisher's Development Corporation
260 _c2018
300 _aPages 30-31, September 2018
440 _aArts and Activities: Make a Fresh Start with Arts
_v164: 1
650 _aEducation
650 _aVideo conferencing
999 _c362026
_d362026